000 00479nam a22001577a 4500
003 SGT
020 _a9789380674117
082 _a658, CHH
100 _aT. N. CHHABRA
245 _aFUNDAMENTAL OF MANAGEMENT
260 _aNEW DELHI
_bSUN INDIA PUBLICATIONS
_c2013
300 _aV. P.
650 _aMANAGEMENT
653 _aMEANING AND CHARACTERISTICS OF MANAGEMENT, FUNCTIONS OF MANAGEMENT, EVOLUTION OF MANAGEMENT THOUGHT, MOTIVATION, CONTROLLING
942 _2ddc
_cFCM
_037
999 _c9425
_d9425